000 00310nam a2200133Ia 4500
005 20251222152007.0
008 251222s9999||||xx |||||||||||||| ||spa||
020 _a843483992X
082 _a500/S61/T.I
245 0 _aBiblioteca Exploramundos
250 _a1ra. ed.
264 _bEdiciones S. M.
942 _cLIB
999 _c24760
_d24760